Pencil / (Record no. 766)

MARC details
000 -LEADER
fixed length control field 01050pam a2200313 a 4500
005 - DATE AND TIME OF LATEST TRANSACTION
control field 20260322212033.0
008 - FIXED-LENGTH DATA ELEMENTS--GENERAL INFORMATION
fixed length control field data
010 ## - LIBRARY OF CONGRESS CONTROL NUMBER
LC control number 85032308
020 ## - INTERNATIONAL STANDARD BOOK NUMBER
International Standard Book Number 0531101347 (lib. bdg.)
020 ## - INTERNATIONAL STANDARD BOOK NUMBER
International Standard Book Number 9780531101346 (lib. bdg.)
040 ## - CATALOGING SOURCE
Original cataloging agency DLC
Transcribing agency DLC
Modifying agency DLC
042 ## - AUTHENTICATION CODE
Authentication code lcac
050 00 - LIBRARY OF CONGRESS CALL NUMBER
Classification number NC890
Item number .B64 1986
082 00 - DEWEY DECIMAL CLASSIFICATION NUMBER
Classification number 741.2/4
Edition information 19
092 ## - LOCALLY ASSIGNED DEWEY CALL NUMBER (OCLC)
Classification number 741.2 B64 1986
001 - CONTROL NUMBER
control field data
100 1# - MAIN ENTRY--PERSONAL NAME
Personal name Bolognese, Don.
245 10 - TITLE STATEMENT
Title Pencil /
Statement of responsibility, etc. Don Bolognese & Elaine Raphael.
260 ## - PUBLICATION, DISTRIBUTION, ETC.
Place of publication, distribution, etc. New York :
Name of publisher, distributor, etc. F. Watts,
Date of publication, distribution, etc. 1986.
300 ## - PHYSICAL DESCRIPTION
Extent 64 p. :
Other physical details ill. ;
Dimensions 26 cm.
490 1# - SERIES STATEMENT
Series statement The Illustrator's library
500 ## - GENERAL NOTE
General note "GG13"--Cover.
520 ## - SUMMARY, ETC.
Summary, etc. Offers instructions in drawing with pencil explaining such techniques as shading, line, and tone. Also discusses various types of papers, pencils, and erasers that may be use.
650 #0 - SUBJECT ADDED ENTRY--TOPICAL TERM
Topical term or geographic name entry element Pencil drawing
General subdivision Juvenile literature.
-- Juvenile literature.
650 #1 - SUBJECT ADDED ENTRY--TOPICAL TERM
Topical term or geographic name entry element Pencil drawing
General subdivision Technique.
650 #1 - SUBJECT ADDED ENTRY--TOPICAL TERM
Topical term or geographic name entry element Drawing
General subdivision Technique.
700 1# - ADDED ENTRY--PERSONAL NAME
Personal name Raphael, Elaine.
800 1# - SERIES ADDED ENTRY--PERSONAL NAME
Personal name Bolognese, Don.
Title of a work Illustrator's library.
Holdings
Withdrawn status Lost status Damaged status Not for loan Home library Current library Shelving location Date acquired Total checkouts Full call number Barcode Date last seen Price effective from Koha item type
        Centerville Centerville General stacks 22/03/2026   741.2/4 19 BC0010786 22/03/2026 22/03/2026 Books